00715nam a2200217Ia 4500008004100000040001900041041001200060082002500072100001700097245010800114260003900222300001800261504005000279630002200329630001300351630003000364650002200394651002500416700003200441850002400473131103s9999 xx 000 0 und d aLoreto College aEnglish a320.01(w)/JONbLCLIB aJones, W. T. aMasters of political thoughtb Machiavelli to Bentham cby W. T. Jones; edited by Edward McChesney Sait aLondonbHarapc1947(!957 printing) av.2 c 22 cm. aIncludes bibliographical references and index aPolitical Thought aPolitics aWestern-Political Thought aPolitical Science aMachiavelli,Bentham  aSait, Edward McChesney, ed. aLCLIB/320.01(w)/JON